| Tag |
First Indicator |
Second Indicator |
Subfields |
| LEADER |
00000cam a2200000 i 4500 |
| 001 |
in00000336144 |
| 005 |
20151011055026.0 |
| 008 |
761108s1976 enkafk b 00110 eng |
| 010 |
|
|
|a 76375953
|
| 015 |
|
|
|a GB76-08267
|
| 020 |
|
|
|a 0702005800 :
|c 1.60
|
| 035 |
|
|
|a (OCoLC)02308413
|
| 035 |
|
|
|9 ABM1968AM
|
| 040 |
|
|
|a DLC
|c DLC
|d TXA
|d UtOrBLW
|
| 049 |
|
|
|a TXAM
|c [1108590]
|
| 050 |
0 |
0 |
|a RC954
|b .S77
|
| 082 |
0 |
|
|a 610.73/65
|
| 100 |
1 |
|
|a Storrs, Alison M. F.
|
| 245 |
1 |
0 |
|a Geriatric nursing /
|c [by] Alison M. F. Storrs.
|
| 264 |
|
1 |
|a London :
|b Bailliere Tindall,
|c 1976.
|
| 300 |
|
|
|a viii, 229 pages, 16 unnumbered pages of plates :
|b illustrations, forms ;
|c 19 cm.
|
| 336 |
|
|
|a text
|b txt
|2 rdacontent
|
| 337 |
|
|
|a unmediated
|b n
|2 rdamedia
|
| 338 |
|
|
|a volume
|b nc
|2 rdacarrier
|
| 490 |
1 |
|
|a Nurses' aids series
|
| 500 |
|
|
|a Includes index.
|
| 504 |
|
|
|a Bibliography: page [221].
|
| 650 |
|
0 |
|a Geriatric nursing.
|
| 830 |
|
0 |
|a Nurses' aids series.
|
| 999 |
|
|
|a MARS
|
| 999 |
f |
f |
|s 89bd41e9-1c90-30e3-8284-b87fe29379c8
|i 7dbf4cd4-c661-31cf-9aae-d26cb852ee85
|t 0
|
| 952 |
f |
f |
|p ric
|a Texas A&M University
|b Rellis Campus
|c Joint Library Facility
|d Remote Storage
|t 0
|e RC954 .S77
|h Library of Congress classification
|i unmediated -- volume
|m A14805131023
|
| 998 |
f |
f |
|a RC954 .S77
|t 0
|l Remote Storage
|